000
00358nam a2200157Ia 4500
003
IT-RoPAU
008
120407s9999 xx 000 0 und d
040
_a
IT-RoPAU
040
_c
IT-RoPAU
100
_a
Graziella Goti
245
_a
Vocazione e secolarità nella venerabile Carla Ronci
260
_a
Insieme
300
_c
cm
490
_v
1
942
_c
BK
999
_c
6946
_d
6946